Re-shaping the world : (Record no. 17852)

MARC details
000 -LEADER
fixed length control field 00689nam a2200205 a 4500
003 - CONTROL NUMBER IDENTIFIER
control field PILC
005 - DATE AND TIME OF LATEST TRANSACTION
control field 20160306115527.0
008 - FIXED-LENGTH DATA ELEMENTS--GENERAL INFORMATION
fixed length control field 080725s2008 xx 00 eng d
010 ## - LIBRARY OF CONGRESS CONTROL NUMBER
LC control number Acc#38955
020 ## - INTERNATIONAL STANDARD BOOK NUMBER
International Standard Book Number 9789715505567
050 ## - LIBRARY OF CONGRESS CALL NUMBER
Classification number Fil DP 178
Item number R311 2008
040 ## - CATALOGING SOURCE
Transcribing agency Philippine Baptist Theological Seminary
245 10 - TITLE STATEMENT
Title Re-shaping the world :
Remainder of title Philip II of Spain and his time /
Statement of responsibility, etc. Damaso de Lario, editor.
260 0# - PUBLICATION, DISTRIBUTION, ETC (IMPRINT)
Place of publication, distribution, etc. Quezon City, Phils. :
Name of publisher, distributor, etc. Ateneo de Manila University Press,
Date of publication, distribution, etc. c2008.
300 ## - PHYSICAL DESCRIPTION
Extent xii, 164 p. ; 23 cm.
650 ## - SUBJECT ADDED ENTRY--TOPICAL TERM
Topical term or geographic name as entry element PHILIP II, KING OF SPAIN, 1527-1598
650 ## - SUBJECT ADDED ENTRY--TOPICAL TERM
Topical term or geographic name as entry element PHILIPPINES
General subdivision HISTORY--16TH CENTURY
650 #4 - SUBJECT ADDED ENTRY--TOPICAL TERM
Topical term or geographic name as entry element SPAIN
General subdivision HISTORY
-- PHILIP
942 ## - ADDED ENTRY ELEMENTS (KOHA)
Koha item type Circulation Books
Source of classification or shelving scheme Library of Congress Classification
Holdings
Withdrawn status Lost status Source of classification or shelving scheme Damaged status Not for loan Home library Current library Shelving location Date acquired Total Checkouts Full call number Barcode Date last seen Price effective from Koha item type
    Dewey Decimal Classification     PBTS Library PBTS Library Filipiniana Section 07/25/2008   Fil DP 178 R311 2008 38955 02/04/2026 04/02/2015 Circulation Books

Philippine Baptist Theological Seminary | 19 Tacay Road, Central Guisad, Baguio City 2600, Philippines